Every Warrior Cat that Appears in the Entire Series - Statistics

General Stats
  • This quiz has been taken 769 times
    449 since last reset
  • The average score is 348 of 1453
Answer Stats
Cat % Correct
Firestar
91%
Bluestar
88%
Leaf
85%
Tigerstar
85%
Bramble
83%
Squirrel
82%
Holly
81%
Jay
81%
Raven
81%
Brambleclaw
79%
Cloud
79%
Graystripe
79%
Hawk
79%
Mist
79%
Leafpool
78%
Ravenpaw
78%
Snow
78%
Ashfur
77%
Lionblaze
77%
Moth
77%
Night
77%
Storm
77%
Feather
76%
Misty
76%
Sandstorm
76%
Alder
75%
Crowfeather
75%
Moon
75%
Shadowstar
75%
Stone
75%
Tallstar
75%
Yellowfang
75%
Blackstar
74%
Frost
74%
Hollyleaf
74%
Ivypool
74%
Red
74%
Brokenstar
73%
Spottedleaf
73%
Thunderstar
73%
Windstar
73%
Alderheart
72%
Brightheart
72%
Hawkfrost
72%
Lionheart
72%
Mistystar
72%
Mothwing
72%
Cloudtail
71%
Dovewing
71%
Hal
71%
Mapleshade
71%
Whitestorm
71%
Cinderpelt
70%
Dustpelt
70%
Jack
70%
Jayfeather
70%
Leafstar
70%
Onestar
70%
Pine
70%
Pinestar
70%
Riverstar
70%
Scourge
70%
Skystar
70%
Barley
69%
Crookedstar
69%
Violet
69%
Mouse
68%
Rain
68%
Silver
68%
Squirrelstar
68%
Tawnypelt
68%
Darktail
66%
Ice
66%
Leopardstar
66%
Redtail
66%
Snowfur
65%
Stormfur
65%
Breezepelt
64%
Feathertail
64%
Oakheart
64%
Princess
64%
Bone
63%
Bracken
63%
Ferncloud
63%
Mud
63%
Nightstar
63%
One Eye
63%
One-eye
63%
Sol
63%
Stonefur
63%
Berrynose
62%
Cinderheart
62%
Fox
62%
Longtail
62%
Rowanclaw
62%
Thistle
62%
Tree
62%
Bumble
61%
Daisy
61%
Fall
61%
Gray Wing
61%
Graywing
61%
Root
61%
Shadowsight
61%
Silverstream
61%
Sunstar
61%
Swift
61%
Brackenfur
60%
Darkstripe
60%
Twig
60%
Appledusk
59%
Flame
59%
Moss
59%
Mousefur
59%
Thistleclaw
59%
Birch
58%
Bristlefrost
58%
Bumblestripe
58%
Jay's Wing
58%
Moth Flight
58%
Rootspring
58%
Violetshine
58%
Blossom
57%
Goldenflower
57%
Goosefeather
57%
Half Moon
57%
Moonflower
57%
Needletail
57%
Nightheart
57%
Bee
56%
Claw
56%
Flametail
56%
Rock
56%
Sparkpelt
56%
Cloudstar
55%
Jake
55%
Moonpaw
55%
Owl
55%
Runningnose
55%
Snowkit
55%
Spider
55%
Swiftpaw
55%
Thorn
55%
Twigbranch
55%
Whitewing
55%
Hawkwing
54%
Nightcloud
54%
Rose
54%
Blossomfall
53%
Dawnpelt
53%
Patch
53%
Brindleface
52%
Brook Where Small Fish Swim
52%
Frostdawn
52%
Frostfur
52%
Heathertail
52%
Midnight
52%
Raggedstar
52%
Runningwind
52%
Splash
52%
Thornclaw
51%
Willowpelt
51%
Adderfang
50%
Birchfall
50%
Briarlight
50%
Dove's Wing
50%
Fallen Leaves
50%
Frecklewish
50%
Mousewhisker
50%
Oakstar
50%
Russetfur
50%
Ashfoot
49%
Flower
49%
Icestar
49%
Lion's Roar
49%
Mosskit
49%
Petal
49%
Sasha
49%
Smudge
49%
Sparrow
49%
Spiderleg
49%
Stoneteller
49%
Sunbeam
49%
Deadfoot
48%
Haze
48%
Mudclaw
48%
Patch Pelt
48%
Patchpelt
48%
Splashtail
48%
Foxleap
47%
Reedwhisker
47%
Halftail
46%
Harestar
46%
Lark
46%
Littlecloud
46%
Mudfur
46%
Turtle Tail
46%
Featherwhisker
45%
Foxheart
45%
Graypool
45%
Millie
45%
Mole
45%
Sorreltail
45%
Ambermoon
44%
Antpelt
44%
Badgerfang
44%
Clawface
44%
Darkstar
44%
Doestar
44%
Leopardfoot
44%
Ravenwing
44%
Stormtail
44%
Willowshine
44%
Acorn Fur
43%
Barkface
43%
Berryheart
43%
Boulder
43%
Hazeltail
43%
Heatherstar
43%
Lightleap
43%
Poppyfrost
43%
Rosetail
43%
Stripes
43%
Tom
43%
Whiteclaw
43%
Brambleberry
42%
Dew
42%
Fernsong
42%
Honeyfern
42%
Lightning
42%
Lily
42%
Rainwhisker
42%
Sleekwhisker
42%
Star Flower
42%
Curlfeather
41%
Galestar
41%
Purdy
41%
Rainflower
41%
Rowanstar
41%
Shrewpaw
41%
Smoke
41%
Speckle
41%
Toad
41%
Reedshine
40%
Sharpclaw
40%
Snowtuft
40%
Billystorm
39%
Blackclaw
39%
Brick
39%
Cherryfall
39%
Egg
39%
Flipclaw
39%
Hailstar
39%
Hollytuft
39%
Monkeystar
39%
Mosspelt
39%
Pebbleshine
39%
Puddleshine
39%
Shellheart
39%
Snake
39%
Beetle
38%
Cherrytail
38%
Dappletail
38%
Dew Nose
38%
Dewnose
38%
Echosong
38%
Larchkit
38%
Larksong
38%
Morningflower
38%
Nutmeg
38%
Patchkit
38%
Soot
38%
Speckletail
38%
Stripestar
38%
White Tail
38%
Whitetail
38%
Gorsestar
37%
Icecloud
37%
Moonlight
37%
Petalkit
37%
Redstar
37%
Robinwing
37%
Rosepetal
37%
Socks
37%
Spotfur
37%
Finleap
36%
Frog
36%
Jagged Peak
36%
Molewhisker
36%
Shine
36%
Sootfur
36%
Tadpole
36%
Thrushpelt
36%
Willowbreeze
36%
Applefur
35%
Cedarstar
35%
Clover
35%
Dandelionkit
35%
Goldenpaw
35%
Gorsepaw
35%
Juniperclaw
35%
Needleclaw
35%
Pounce
35%
Stormcloud
35%
Blazefire
34%
Lightning Tail
34%
Owlnose
34%
Ruby
34%
Bayshine
33%
Bella
33%
Hopekit
33%
Rainfur
33%
Starlingpaw
33%
Antfur
32%
Beech
32%
Birchstar
32%
Grass
32%
Jessy
32%
Sandgorse
32%
Slate
32%
Smoky
32%
Toadstep
32%
Wishkit
32%
Bellaleaf
31%
Birchfeather
31%
Brightflower
31%
Duskfur
31%
Ember
31%
Fidgetflake
31%
Fuzz
31%
Harrybrook
31%
Honeyfur
31%
Lilyheart
31%
Nettle
31%
Owlstar
31%
Palebird
31%
Skywatcher
31%
Snowbush
31%
Sweetpaw
31%
Thriftear
31%
Whitestar
31%
Bacon
30%
Eaglewing
30%
Hawkheart
30%
Lionstar
30%
Micah
30%
Moon Shadow
30%
Oakfur
30%
Poppydawn
30%
Quince
30%
Sage
30%
Sorrelstripe
30%
Sparrowpelt
30%
Stemleaf
30%
Wasp
30%
Arc
29%
Beenose
29%
Cloudberry
29%
Cloudpelt
29%
Crowfrost
29%
Flywhisker
29%
Hollow
29%
Juniperkit
29%
Kitescratch
29%
Loudbelly
29%
Shinepaw
29%
Shrewclaw
29%
Smallear
29%
Sun Shadow
29%
Whistle
29%
Appleshine
28%
Beetail
28%
Bright Stream
28%
Daisytoe
28%
Heavystep
28%
Hoot
28%
Jayclaw
28%
Minnowtail
28%
Molepaw
28%
Snowbird
28%
Tallpoppy
28%
Wafflepelt
28%
Cloverfoot
27%
Hollykit
27%
Ken
27%
Lizardstripe
27%
Milkfur
27%
Olive
27%
Sagewhisker
27%
Seedpaw
27%
Beetlenose
26%
Beetlewhisker
26%
Birchface
26%
Bouncefire
26%
Branch
26%
Broken Shadow
26%
Finchlight
26%
Leafshade
26%
Lynxkit
26%
Maggottail
26%
Minty
26%
Myrtlebloom
26%
Perchpaw
26%
Shellfur
26%
Sparrowtail
26%
Sunfish
26%
Whitethroat
26%
Yarrowleaf
26%
Acornpaw
25%
Acorntail
25%
Elderkit
25%
Flutter
25%
Frogleap
25%
Jackdaw's Cry
25%
Kestrelwing
25%
Mintfur
25%
Pouncestep
25%
Ratscar
25%
Swiftbreeze
25%
Whistlebreeze
25%
Wolfstep
25%
Birdsong
24%
Clovertail
24%
Cody
24%
Dawnstar
24%
Flintfang
24%
Flowerstar
24%
Lioneye
24%
Macgyver
24%
Morningkit
24%
Pebble Heart
24%
Quiet Rain
24%
Rabbitleap
24%
Redwillow
24%
Rowanberry
24%
Rowankit
24%
Rust
24%
Spiresight
24%
Stick
24%
Violet Dawn
24%
Zelda
24%
Beechfur
23%
Bloomheart
23%
Brackenfoot
23%
Brightspirit
23%
Bug
23%
Cinderfur
23%
Cloud Spots
23%
Crystal
23%
Dust Muzzle
23%
Emberkit
23%
Flick
23%
Gorseclaw
23%
Pod
23%
Scorchfur
23%
Sedgewhisker
23%
Silverhawk
23%
Spottedpelt
23%
Stream
23%
Velvet
23%
Appledawn
22%
Applefrost
22%
Beesting
22%
Birdflight
22%
Black Ear
22%
Blizzardwing
22%
Brightsky
22%
Bristleclaw
22%
Cinnamontail
22%
Crowfur
22%
Dappled Pelt
22%
Deerpaw
22%
Dovestar
22%
Ebonyclaw
22%
Echomist
22%
Eeltail
22%
Firefern
22%
Graywhisker
22%
Harveymoon
22%
Hollystar
22%
Marigold
22%
Morning Star
22%
Morningstar
22%
Pink Eyes
22%
Plumstone
22%
Podlight
22%
Rainstorm
22%
Ravenstar
22%
Red Claw
22%
Redclaw
22%
Rook
22%
Sandynose
22%
Snaptooth
22%
Stumpytail
22%
Tawnyspots
22%
Tornear
22%
Turtlecrawl
22%
Webfoot
22%
Windflight
22%
Adderkit
21%
Amberleaf
21%
Blossomheart
21%
Cinders
21%
Fluttering Bird
21%
Fog
21%
Fuzzypelt
21%
Gorsetail
21%
Ivystar
21%
Ivytail
21%
Kinkfur
21%
Oliver
21%
Primrosepaw
21%
Rippletail
21%
Shade Pelt
21%
Shadepelt
21%
Snaketooth
21%
Sparrowstar
21%
Spiderstar
21%
Spireclaw
21%
Squirrelwhisker
21%
Stonepelt
21%
Storm Pelt
21%
Sweetbriar
21%
Tangle
21%
Tinycloud
21%
Toadfoot
21%
Tulipkit
21%
Blue Whisker
20%
Braveheart
20%
Coriander
20%
Harelight
20%
Leaftail
20%
Marigoldkit
20%
Plumwillow
20%
Shaded Moss
20%
Slash
20%
Smokepaw
20%
Spider Paw
20%
Stagleap
20%
Adderpaw
19%
Ajax
19%
Algernon
19%
Brownpaw
19%
Bubbling Stream
19%
Bugeater
19%
Cloudy
19%
Daisytail
19%
Deerleap
19%
Featherpelt
19%
Finchkit
19%
Flowerstem
19%
Gullswoop
19%
Hawkstar
19%
Henry
19%
Jumper
19%
Larkwing
19%
Mintkit
19%
Mistkit
19%
Nightfur
19%
Nutwhisker
19%
Petalfur
19%
Reed Tail
19%
Reedtail
19%
Rooktail
19%
Shimmerpelt
19%
Silverflame
19%
Sunkit
19%
Wetfoot
19%
Yew
19%
Apple Blossom
18%
Ashheart
18%
Aspentail
18%
Brackenpelt
18%
Brackenwing
18%
Conefoot
18%
Cow
18%
Curlypaw
18%
Dawncloud
18%
Duststar
18%
Fang
18%
Featherstar
18%
Flickerkit
18%
Floss
18%
Flowerpaw
18%
Fuzzball
18%
Hawk Swoop
18%
Hootwhisker
18%
Houndstar
18%
Luna
18%
Nightkit
18%
Pikepaw
18%
Poolcloud
18%
Raincloud
18%
Rainswept Flower
18%
Redscar
18%
Reedfeather
18%
Ridgeglow
18%
Scorchwind
18%
Shattered Ice
18%
Slatefur
18%
Smallstar
18%
Snowstar
18%
Stormheart
18%
Weedwhisker
18%
Wrenflight
18%
Amberclaw
17%
Archeye
17%
Arc Shadow
17%
Bound Hunt
17%
Cherrypaw
17%
Dawnflower
17%
Dawnstripe
17%
Eggs
17%
Emberfoot
17%
Falling Feather
17%
Fallowfern
17%
Fallowtail
17%
Featherstorm
17%
Fernshade
17%
Fernstripe
17%
Finchflight
17%
Flashnose
17%
Grassheart
17%
Graymist
17%
Greenflower
17%
Havenpelt
17%
Hollyflower
17%
Hollypelt
17%
Jingo
17%
Maplestar
17%
Milkweed
17%
Minnowkit
17%
Ottersplash
17%
Patchfoot
17%
Piketooth
17%
Quick Water
17%
Rileypool
17%
Rosebush
17%
Snaketail
17%
Stonetooth
17%
Sunstrike
17%
Tangleburr
17%
Voleclaw
17%
Waspwhisker
17%
Yellowstar
17%
Beech Tail
16%
Benny
16%
Bess
16%
Birdwing
16%
Blizzardstar
16%
Brackenheart
16%
Breezeheart
16%
Brindlestar
16%
Brindlewing
16%
Cedarpelt
16%
Cloudmist
16%
Cora
16%
Darkflower
16%
Dodge
16%
Finchstar
16%
Furze
16%
Grasspelt
16%
Greeneyes
16%
Hollowflight
16%
Mistpool
16%
Mosspaw
16%
Mud Paws
16%
Mumblefoot
16%
Petalnose
16%
Pinenose
16%
Quailfeather
16%
Rabbitfur
16%
Reedclaw
16%
Spotted Fur
16%
Stemtail
16%
Stone Song
16%
Strikestone
16%
Swiftstar
16%
Tommy
16%
Vinestar
16%
Woodsong
16%
Bigteeth
15%
Birchbark
15%
Buzzardstar
15%
Coal
15%
Creek
15%
Dawn Mist
15%
Deerfoot
15%
Dewspring
15%
Dewy Leaf
15%
Diesel
15%
Eaglestorm
15%
Filou
15%
Fish Leap
15%
Floatshimmer
15%
Fury
15%
Gravelnose
15%
Gremlin
15%
Hattie
15%
Hollowspring
15%
Jaggedtooth
15%
Kinktail
15%
Mallownose
15%
Mistpelt
15%
Molepelt
15%
Mouse Ear
15%
Night of No Stars
15%
Nightsky
15%
Oakkit
15%
Owlclaw
15%
Owlfur
15%
Owlwhisker
15%
Pale Sky
15%
Palesky
15%
Perchkit
15%
Pickle
15%
Pip
15%
Rabbitstar
15%
Redpaw
15%
Ripplestar
15%
Shredtail
15%
Shyheart
15%
Skyheart
15%
Starlingwing
15%
Sunrise
15%
Swallow
15%
Wasptail
15%
Whiskernose
15%
Wolfheart
15%
Woolytail
15%
Beach
14%
Beechstar
14%
Beetleshine
14%
Bluebellkit
14%
Bob
14%
Bunny
14%
Buster
14%
Cloudrunner
14%
Cloud With Storm in Belly
14%
Cricket
14%
Crowtail
14%
Dew Petal
14%
Downkit
14%
Duskpaw
14%
Eagle Feather
14%
Eaglekit
14%
Emberdawn
14%
Emberstar
14%
Fawnstep
14%
Feather of Flying Hawk
14%
Fireface
14%
Fognose
14%
Foxclaw
14%
Gooseberry
14%
Hawkfur
14%
Honey Pelt
14%
Hopwhisker
14%
Lightning Stripe
14%
Lilystem
14%
Marshkit
14%
Meadowslip
14%
Mistlekit
14%
Mothpelt
14%
Nectarsong
14%
Newtspeck
14%
Nightwing
14%
Pancakes
14%
Parsleyseed
14%
Petaldust
14%
Reena
14%
Roach
14%
Robinpaw
14%
Running Horse
14%
Ryestalk
14%
Sagenose
14%
Shanty
14%
Shorty
14%
Shrewtooth
14%
Silver Stripe
14%
Snail
14%
Sneezecloud
14%
Sparrowfeather
14%
Stonestar
14%
Sunshine
14%
Talon of Swooping Eagle
14%
Tiny Branch
14%
Toadskip
14%
Voletooth
14%
Whitefang
14%
Whitewater
14%
Willowkit
14%
Willow Tail
14%
Blackbee
13%
Boulderfur
13%
Brushpaw
13%
Duskwater
13%
Finch Song
13%
Flaxfoot
13%
Furzepelt
13%
Goldenstar
13%
Grassfur
13%
Heronwing
13%
Lakeheart
13%
Lark That Sings at Dawn
13%
Lightningpaw
13%
Lizardfang
13%
Mossheart
13%
Owl Feather
13%
Plumclaw
13%
Poolkit
13%
Smokehaze
13%
Snowy
13%
Softpelt
13%
Softwing
13%
Stoneclaw
13%
Stonewing
13%
Swallowtail
13%
Tansy
13%
Volewhisper
13%
Whiskers
13%
Whorlpelt
13%
Ziggy
13%
Aspenfall
12%
Beechkit
12%
Beechpaw
12%
Brookripple
12%
Clawwhistle
12%
Creekfeather
12%
Dappletuft
12%
Dawnfeather
12%
Drizzle
12%
Echosnout
12%
Featherkit
12%
Fern Leaf
12%
Fernleaf
12%
Fernpelt
12%
Ferris
12%
Fircone
12%
Fleck
12%
Grasswhisker
12%
Harepounce
12%
Hillkit
12%
Hollowbelly
12%
Hutch
12%
Jumpfoot
12%
Lakeshine
12%
Leafcurl
12%
Lilywhisker
12%
Littlebird
12%
Lizardtail
12%
Magpie
12%
Mistcloud
12%
Mistfeather
12%
Mistmouse
12%
Mitzi
12%
Moss Tail
12%
Nettlebreeze
12%
Olivenose
12%
Otterheart
12%
Petunia
12%
Pine That Clings to Rock
12%
Rabbittail
12%
Rippleclaw
12%
Seedpelt
12%
Shivering Rose
12%
Smokefoot
12%
Snow Tail
12%
Sorrelshine
12%
Spike
12%
Squirrelfur
12%
Stoat
12%
Sunnypelt
12%
Sunpelt
12%
Timberfur
12%
Trout Fur
12%
Volestar
12%
Weaselfur
12%
Willownose
12%
Bloompetal
11%
Brightwhisker
11%
Brindleclaw
11%
Cloudy Sun
11%
Copperpaw
11%
Cricketkit
11%
Crouchfoot
11%
Cypresspaw
11%
Dancing Leaf
11%
Deerdapple
11%
Doespring
11%
Domino
11%
Duckpaw
11%
Firbark
11%
Flamenose
11%
Flamepelt
11%
Flower Foot
11%
Fluffpaw
11%
Flutterfoot
11%
Fritz
11%
Frogtail
11%
Frondwhisker
11%
Galekit
11%
Hawksnow
11%
Hazelkit
11%
Honeytail
11%
Houndleap
11%
Icewhisker
11%
Leafstorm
11%
Lichen
11%
Lightningpelt
11%
Lilystar
11%
Marshpaw
11%
Max
11%
Morning Whisker
11%
Mossfire
11%
Mousewing
11%
Nami
11%
Nettleclaw
11%
Nettlesplash
11%
Nightwhisper
11%
Oatclaw
11%
Oatspeckle
11%
Oatwhisker
11%
Pebblefur
11%
Pepper
11%
Petalfall
11%
Pineclaw
11%
Redthistle
11%
Reedstar
11%
Robinstar
11%
Rockfall
11%
Sedgecreek
11%
Shell Claw
11%
Silkypaw
11%
Silverpaw
11%
Snookthorn
11%
Splashheart
11%
Sprucepaw
11%
Stoatfur
11%
Susan
11%
Talonpaw
11%
Tawnyfur
11%
Thistleheart
11%
Vinetail
11%
Wee Hen
11%
Willowstar
11%
Bailey
10%
Birdy
10%
Bristlebark
10%
Broken Feather
10%
Burr
10%
Cheddar
10%
Chestnut
10%
Chiveclaw
10%
Cloud With Star in Belly
10%
Daisyheart
10%
Dangling Leaf
10%
Dapplenose
10%
Darkfoot
10%
Dash
10%
Dawnbright
10%
Dewkit
10%
Dragonfly
10%
Dusk Nose
10%
Eelkit
10%
Fallowsong
10%
Fallowstar
10%
Frostclaw
10%
Frosty
10%
Furled Bracken
10%
Hareflight
10%
Harley
10%
Hawkfoot
10%
Hazelstar
10%
Hickorynose
10%
Jet
10%
Juniper Branch
10%
Kestrelflight
10%
Kite Wing
10%
Leafshine
10%
Lilyfur
10%
Littlekit
10%
Little Mew
10%
Livy
10%
Mallowfur
10%
Mallowtail
10%
Marshcloud
10%
Marshscar
10%
Midge
10%
Midgepelt
10%
Molly
10%
Mossyfoot
10%
Mousefang
10%
Myler
10%
Pearnose
10%
Pebblefoot
10%
Pinefur
10%
Pine Needle
10%
Quickkit
10%
Rainfall
10%
Rockshade
10%
Rowanfur
10%
Rumble
10%
Runningbrook
10%
Ryewhisker
10%
Shnuky
10%
Shrewfoot
10%
Slightfoot
10%
Snipkit
10%
Snowflake
10%
Songbird
10%
Spikefur
10%
Splashpaw
10%
Stalk Purr
10%
Swiftfoot
10%
Tempest
10%
Twist
10%
Whisperbreeze
10%
Bird That Rides the Wind
9%
Blade
9%
Blossomkit
9%
Branchleap
9%
Chestnutkit
9%
Cloversplash
9%
Crow Muzzle
9%
Dark Whiskers
9%
Dewstar
9%
Driftkit
9%
Dudley
9%
Duke
9%
Fallensnow
9%
Ferretclaw
9%
Foxnose
9%
Foxwhisker
9%
Foxy
9%
Frisk
9%
Hazel Burrow
9%
Hazelwing
9%
Heronkit
9%
Hollow Tree
9%
Honeyleaf
9%
Husker
9%
Jigsaw
9%
Lavenderkit
9%
Lichenfur
9%
Lilyflower
9%
Lowbranch
9%
Marmalade
9%
Morningcloud
9%
Morning Fire
9%
Mothwhisker
9%
Mudpuddle
9%
Nettlespot
9%
Nightmask
9%
Oddfoot
9%
Palefoot
9%
Piper
9%
Pixie
9%
Polly
9%
Poppycloud
9%
Pouncetail
9%
Rabbitear
9%
Rapidsplash
9%
Rushtooth
9%
Scree
9%
Shiningheart
9%
Shy Fawn
9%
Silvermask
9%
Sleek Fur
9%
Snailpaw
9%
Snowdrop
9%
Splashfoot
9%
Splashkit
9%
Stonestream
9%
Stripeheart
9%
Sunflower
9%
Sunnytail
9%
Swankit
9%
Taylor
9%
Thrushwing
9%
Tiger Tail
9%
Troutclaw
9%
Turtlekit
9%
Vixenleap
9%
Wavepaw
9%
Weaselkit
9%
Whiteberry
9%
Wildfur
9%
Woodkit
9%
Yew Tail
9%
Zeke
9%
Betsy
8%
Boots
8%
Brandy
8%
Buzzardkit
8%
Casper
8%
Chasing Clouds
8%
Chester
8%
Coco
8%
Daffodil
8%
Dart
8%
Dewspots
8%
Duskshine
8%
Falling Rain
8%
Fallowkit
8%
Feather Ear
8%
Featherwing
8%
Flailfoot
8%
Flystar
8%
Foggy
8%
Gorsefoot
8%
Jagged Lightning
8%
Jessamy
8%
Jester
8%
Lapping Wave
8%
Logfur
8%
Maplewhisker
8%
Meadowpelt
8%
Melody
8%
Mintpaw
8%
Misty Water
8%
Mittens
8%
Morningmist
8%
Nettlepad
8%
Nettlepaw
8%
Oakleaf
8%
Oscar
8%
Pad
8%
Pigeonfoot
8%
Pricklekit
8%
Raindrop
8%
Rainsplash
8%
Rocky
8%
Rushpaw
8%
Rustlekit
8%
Sedgestar
8%
Shadestar
8%
Sharp Hail
8%
Songleap
8%
Specklepaw
8%
Spiderpelt
8%
Spiketail
8%
Splashnose
8%
Spottedpaw
8%
Streamripple
8%
Stretchkit
8%
Swampkit
8%
Swift Minnow
8%
Swiftwing
8%
Tanglewhisker
8%
Tansypaw
8%
Thistlepaw
8%
Thrushtalon
8%
Tom-Tom
8%
Tumblekit
8%
Twigtail
8%
Willie
8%
Willowclaw
8%
Zach
8%
Chirp
7%
Cobweb
7%
Dawn River
7%
Fallowpaw
7%
Fennelstar
7%
Fierce
7%
Fleetfoot
7%
Flora
7%
Hatchkit
7%
Hayberry
7%
Jacques
7%
Jay Frost
7%
Larksplash
7%
Loki
7%
Misha
7%
Mudthorn
7%
Pebble That Rolls Down Mountain
7%
Pigeonflight
7%
Prickleface
7%
Purr Roll
7%
Quietkit
7%
Running Fox
7%
Starlingfeather
7%
Star That Shines On Water
7%
Troutshine
7%
Troutstar
7%
Tumble Leap
7%
Woody
7%
Breeze That Rustles the Leaves
6%
Buttercup
6%
Chalk
6%
Cherryfeather
6%
Cleo
6%
Croak
6%
Curry
6%
Dotty
6%
Dusk Smoke
6%
Falling Dusk
6%
Firefly
6%
Flower Stream
6%
Flytail
6%
Hunter
6%
Hussar
6%
Icicle
6%
Jagged Rock Where Heron Sits
6%
Jasper
6%
Littlestep
6%
Lulu
6%
Melting Ice
6%
Mottlepaw
6%
Oakstep
6%
O'Hara
6%
Onion
6%
Perchwing
6%
Pricklenose
6%
Pumpkin
6%
Quailheart
6%
Quailkit
6%
Rainleap
6%
Ripple Shine
6%
Rising Moon
6%
Robinkit
6%
Rubblekit
6%
Rubblepaw
6%
Runningstorm
6%
Rushtail
6%
Scooby
6%
Scrap
6%
Screech of Angry Owl
6%
Shadebush
6%
Sheeptail
6%
Silt
6%
Skipper
6%
Sloefur
6%
Snail Shell
6%
Sniff
6%
Snipe
6%
Snow Hare
6%
Spiderfoot
6%
Swallowflight
6%
Talonstar
6%
Tanglepaw
6%
Tess
6%
Thistletail
6%
Troutstream
6%
Twisted Branch
6%
Victor
6%
Weaselwhisker
6%
Webkit
6%
Wildkit
6%
Woodlouse
6%
Claw Stretch
5%
Falcon Swoop
5%
Flight of Startled Heron
5%
Flurry
5%
Hopper
5%
Hop Scratch
5%
Hunt Growl
5%
Hunt Leap
5%
Lakestorm
5%
Leap Growl
5%
Madric
5%
Mae
5%
Merry
5%
Milo
5%
Mossleaf
5%
Muddyclaw
5%
Oatpaw
5%
Owl Song
5%
Parsnip
5%
Peanut
5%
Percy
5%
Pipsqueak
5%
Pounce Whisper
5%
Pumpernickel
5%
Quickpaw
5%
Riga
5%
Samwise
5%
Scout
5%
Scraps
5%
Scruff
5%
Seville
5%
Shyfrost
5%
Silver Frost
5%
Slatepelt
5%
Smoketalon
5%
Snapper
5%
Splinter
5%
Storkkit
5%
Stretch Blink
5%
Strong Pounce
5%
Sunspots
5%
Swiftflight
5%
Swoop of Chestnut Hawk
5%
Thorntooth
5%
Tuna
5%
Tyr
5%
Weevil
5%
Whispering Breeze
5%
Whitebreeze
5%
Willow Stream
5%
Wing Shadow Over Water
5%
Crest of Snowy Mountain
4%
Gray Sky Before Dawn
4%
Growler
4%
Jean
4%
Magda
4%
Marlow
4%
Mist Where Sunlight Shimmers
4%
Mouthclaw
4%
Pasha
4%
Peg
4%
Rage
4%
Rain That Passes Quickly
4%
Rain That Rattles on Stones
4%
Scarlet
4%
Sheer Path Beside Waterfall
4%
Slant
4%
Splash When Fish Leaps
4%
Spring Claw
4%
Streak
4%
Strike Slash
4%
Suzy
4%
Thorn That Grows in Cleft
4%
Wanderkit
4%
Webster
4%
Wish Stalk
4%
Cederheart
3%
Dark Shadow on Water
3%
Darrel
3%
Floyd
3%
Grayski
3%
Grub
3%
Moon Shining on Water
3%
Moss That Grows by River
3%
Prowl Sleek
3%
Rock Beneath Still Water
3%
Rufus
3%
Scowl
3%
Scree Beneath Winter Sky
3%
Storm Clouds at Dusk
3%
Sweetums
3%
Whisper Claw
3%
Fingewhisker
2%
Rascal
2%
Shannon
2%
Snow Falling on Stones
2%
No matching quizzes found
Score Distribution
Percent of People with Each Score
Percentile by Number Answered
Your Score History
You have not taken this quiz since the last reset